Central Library, Doon University
WEBOPAC (ONLINE PUBLIC ACCESS CATALOGUE)

Stable Isotope Geochemistry (Record no. 60771)

MARC details
000 -LEADER
fixed length control field 00483nam a22001937a 4500
005 - DATE & TIME
control field 20260512164016.0
008 - FIXED-LENGTH DATA ELEMENTS--GENERAL INFORMATION
fixed length control field 260512b |||||||| |||| 00| 0 eng d
020 ## - ISBN
International Standard Book Number 9783030776947
Price 8995.34
040 ## - CATALOGING SOURCE
Original cataloging agency Doon University
041 ## - Language
Language English
082 ## - DDC NUMBER
Classification number 551.9
Book Number HOE
100 ## - MAIN ENTRY--PERSONAL NAME
Personal name Hoefs, Jochen
245 ## - TITLE STATEMENT
Title Stable Isotope Geochemistry
250 ## - EDITION STATEMENT
Edition statement 9th
260 ## - PUBLICATION, DISTRIBUTION, ETC. (IMPRINT)
Place of publication, distribution, etc Berlin
Name of publisher, distributor, etc Springer
Date of publication, distribution, etc 2021
300 ## - PHYSICAL DESCRIPTION
Pages 504
650 ## - Subject
Subject Environment Science (PM USHA)
942 ## - ADDED ENTRY ELEMENTS (KOHA)
Koha item type Books
100 ## - MAIN ENTRY--PERSONAL NAME
-- 26796
650 ## - Subject
-- 26725
952 ## - LOCATION AND ITEM INFORMATION (KOHA)
-- 2026-05-12
952 ## - LOCATION AND ITEM INFORMATION (KOHA)
-- 2026-05-12
Holdings
Withdrawn status Lost status Source of classification or shelving scheme Damaged status Not for loan Location (home branch) Sublocation or collection (holding branch) Date acquired Koha full call number Accession No. Koha date last seen Koha item type Koha issues (times borrowed)
        Not For Loan Doon University Doon University 12.05.2026 551.9 HOE 33001 12.05.2026 Reference  
          Doon University Doon University 12.05.2026 551.9 HOE 33002 12.05.2026 Books  
Contact : +91-135-2533126 (Library),+91-135-2533105 (Admin Office) , Email : doonlibrary@gmail.com

Powered by Koha